[Event "LEM Nachwuchs M-V u16 08.-12.02.2020"]
[Site "Atrium Fleesenseeschule Malch"]
[Date "2020.02.09"]
[Round "2.2"]
[White "Röste, Hugo"]
[Black "Troyke, Jannis"]
[Result "0-1"]
[WhiteElo "1573"]
[BlackElo "1827"]
[PlyCount "52"]
[EventDate "2020.??.??"]
[WhiteTeam "TuS Makkabi Rostock"]
[BlackTeam "Greifswalder SV"]

1. d4 Nf6 2. Bg5 Ne4 3. Bf4 d5 4. f3 Nf6 5. e3 g6 6. Bd3 Bg7 7. Ne2 c5 8. c4
Nc6 9. Nbc3 cxd4 10. Nxd4 Nxd4 11. exd4 O-O 12. O-O Be6 13. c5 b6 14. b4 bxc5
15. bxc5 Nd7 16. Bb5 Nxc5 17. dxc5 Bxc3 18. Rc1 Qa5 19. Qd3 Bg7 20. Bd2 Qc7 21.
c6 Rab8 22. Be3 Rfd8 23. g3 Bf5 24. Qb3 a6 25. Bf4 e5 26. Bg5 f6 0-1

[Event "LEM Nachwuchs M-V u16 08.-12.02.2020"]
[Site "Atrium Fleesenseeschule Malch"]
[Date "2020.02.09"]
[Round "2.3"]
[White "Kallweit, Paul"]
[Black "Marzisch, Darius"]
[Result "1-0"]
[WhiteElo "1832"]
[BlackElo "1494"]
[PlyCount "49"]
[EventDate "2020.??.??"]
[WhiteTeam "Greifswalder SV"]
[BlackTeam "SG Neubrandenburg"]

1. d4 Nf6 2. c4 e6 3. Nf3 b6 4. g3 Bb7 5. Bg2 Be7 6. O-O O-O 7. Nc3 Ne4 8. Qc2
f5 9. Ne5 d5 10. cxd5 exd5 11. b3 Nd7 12. Bb2 Bf6 13. Na4 Rc8 14. Nc6 Bxc6 15.
Qxc6 Nb8 16. Qb5 a6 17. Qd3 b5 18. Nc3 Nc6 19. e3 Nb4 20. Qd1 c5 21. a3 cxd4
22. Nxe4 Nc2 23. Nxf6+ Rxf6 24. Bxd4 Rfc6 25. Ra2 1-0

[Event "LEM Nachwuchs M-V u16 08.-12.02.2020"]
[Site "Atrium Fleesenseeschule Malch"]
[Date "2020.02.09"]
[Round "2.4"]
[White "Johlke, Lukas"]
[Black "Großmann, Piet"]
[Result "0-1"]
[WhiteElo "1608"]
[BlackElo "1818"]
[PlyCount "66"]
[EventDate "2020.??.??"]
[WhiteTeam "SG Jasmund"]
[BlackTeam "SAV Torgelow"]

1. e4 e6 2. d4 d5 3. exd5 exd5 4. Bd3 Nc6 5. c3 Bd6 6. Ne2 Bg4 7. Qc2 Nf6 8.
O-O Qd7 9. Re1 O-O-O 10. h3 Be6 11. Nf4 Bxf4 12. Bxf4 h6 13. Nd2 Nh5 14. Bh2 g5
15. Nb3 b6 16. Nc5 bxc5 17. Ba6+ Kb8 18. Qb3+ Nb4 19. dxc5 Ka8 20. cxb4 Nf4 21.
b5 d4 22. Qd1 Qd5 23. Bxf4 gxf4 24. f3 Rhg8 25. Kh2 Qg5 26. Rg1 Qg3+ 27. Kh1
Bxh3 28. Qe2 Rde8 29. Qd2 Bf5 30. Rge1 Re3 31. Re2 d3 32. Rae1 Bh3 33. b6 Bxg2+
0-1

[Event "LEM Nachwuchs M-V u16 08.-12.02.2020"]
[Site "Atrium Fleesenseeschule Malch"]
[Date "2020.02.09"]
[Round "2.5"]
[White "Breß, Aaron"]
[Black "Kruse, Johannes"]
[Result "1-0"]
[WhiteElo "1793"]
[BlackElo "1454"]
[PlyCount "37"]
[EventDate "2020.??.??"]
[WhiteTeam "SAV Torgelow"]
[BlackTeam "ESV Waren"]

1. e4 c5 2. Nf3 e6 3. d4 cxd4 4. Nxd4 Nc6 5. Nc3 Bb4 6. Nxc6 bxc6 7. Qd4 Bxc3+
8. Qxc3 Qf6 9. Qg3 Ne7 10. Bd3 Ng6 11. O-O O-O 12. f4 d6 13. f5 exf5 14. exf5
Ne7 15. Bg5 Qd4+ 16. Kh1 f6 17. c3 Qc5 18. Bf4 Rd8 19. Bh6 1-0

[Event "LEM Nachwuchs M-V u16 08.-12.02.2020"]
[Site "Atrium Fleesenseeschule Malch"]
[Date "2020.02.09"]
[Round "2.6"]
[White "Johlke, Lorenz"]
[Black "Quiram, Arne"]
[Result "0-1"]
[WhiteElo "1675"]
[BlackElo "1643"]
[PlyCount "32"]
[EventDate "2020.??.??"]
[WhiteTeam "SG Jasmund"]
[BlackTeam "ESV Waren"]

1. e4 c5 2. c3 d6 3. f4 Nc6 4. Nf3 Bd7 5. Bb5 a6 6. Bxc6 Bxc6 7. d3 g6 8. O-O
Bg7 9. e5 d5 10. e6 f6 11. f5 Qd6 12. Nh4 g5 13. Qh5+ Kd8 14. Qf7 Bh6 15. Nf3
Be8 16. Nxg5 fxg5 0-1

[Event "LEM Nachwuchs M-V u16 08.-12.02.2020"]
[Site "Atrium Fleesenseeschule Malch"]
[Date "2020.02.09"]
[Round "2.7"]
[White "Focke, Yannick"]
[Black "Böttner, Oliver"]
[Result "1-0"]
[WhiteElo "1508"]
[BlackElo "1574"]
[PlyCount "67"]
[EventDate "2020.??.??"]
[WhiteTeam "SF Schwerin"]
[BlackTeam "HSG Stralsund"]

1. e4 d6 2. d4 Nf6 3. Nc3 g6 4. Be3 Bg7 5. Be2 O-O 6. g4 e5 7. g5 Nfd7 8. h4
Nc6 9. Nf3 f5 10. gxf6 Nxf6 11. d5 Ne7 12. Qd2 Nh5 13. O-O-O Nf4 14. Rdg1 Qe8
15. Bd1 Bd7 16. Ne2 Nfxd5 17. Nxe5 Bxe5 18. exd5 Nf5 19. Bf4 Ng7 20. Bg3 Bxg3
21. fxg3 Bg4 22. Nf4 Bxd1 23. Qxd1 Nf5 24. Re1 Qa4 25. Ne6 Rf7 26. g4 Nh6 27.
Kb1 Nxg4 28. Ng5 Nf2 29. Qe2 Nxh1 30. Nxf7 Kxf7 31. Qe6+ Kg7 32. Qe7+ Kh8 33.
Qf6+ Kg8 34. Re7 1-0

[Event "LEM Nachwuchs M-V u16 08.-12.02.2020"]
[Site "Atrium Fleesenseeschule Malch"]
[Date "2020.02.09"]
[Round "2.8"]
[White "Le, Tomab Linh"]
[Black "Avetyan, Manan"]
[Result "1-0"]
[WhiteElo "1571"]
[BlackElo "1356"]
[PlyCount "85"]
[EventDate "2020.??.??"]
[WhiteTeam "SG Neubrandenburg"]
[BlackTeam "ASV Wismar"]

1. e4 e5 2. Nf3 Nc6 3. Bb5 Nge7 4. Nc3 g6 5. d4 exd4 6. Nxd4 Bg7 7. Be3 O-O 8.
Qd2 Re8 9. O-O-O d6 10. f3 a6 11. Nxc6 Nxc6 12. Be2 Be6 13. Kb1 Qd7 14. g4 b5
15. Nd5 Ne5 16. g5 Reb8 17. Bd4 Qd8 18. f4 Nc4 19. Bxc4 bxc4 20. Bxg7 Kxg7 21.
Qd4+ Kg8 22. Nf6+ Kf8 23. Nxh7+ Ke7 24. e5 Rb6 25. Nf6 Rab8 26. exd6+ Qxd6 27.
Qxd6+ cxd6 28. b3 a5 29. Rhe1 Kd8 30. Ka1 cxb3 31. cxb3 a4 32. Nd5 Bxd5 33.
Rxd5 axb3 34. a3 Kd7 35. Kb2 Ra8 36. Rd4 Rba6 37. Ra1 Ra4 38. Rb4 Rxb4 39. axb4
Rxa1 40. Kxa1 d5 41. Kb2 Kc6 42. Kxb3 Kb6 43. Kc3 1-0

[Event "LEM Nachwuchs M-V u16 08.-12.02.2020"]
[Site "Atrium Fleesenseeschule Malch"]
[Date "2020.02.09"]
[Round "2.9"]
[White "Ahmed Ibrahim, Labed"]
[Black "Jenschke, Tim"]
[Result "0-1"]
[WhiteElo "1045"]
[BlackElo "1531"]
[PlyCount "98"]
[EventDate "2020.??.??"]
[WhiteTeam "SV Motor Wolgast"]
[BlackTeam "HSG Stralsund"]

1. d4 g6 2. c4 Bg7 3. Nc3 Nf6 4. e4 d6 5. Nf3 Nc6 6. h3 O-O 7. Be2 a6 8. O-O
Re8 9. Qc2 e5 10. d5 Nd4 11. Qd3 Nxe2+ 12. Qxe2 Nd7 13. Be3 h6 14. Rfd1 Rf8 15.
Qd2 Kh7 16. g4 Qe7 17. Nh2 Nf6 18. f3 Bd7 19. b3 Rab8 20. Rab1 Ne8 21. Kg2 b5
22. a3 Nf6 23. g5 Ng8 24. gxh6 Bxh6 25. Ng4 Bxe3 26. Qxe3 f5 27. exf5 gxf5 28.
Nf2 Qh4 29. Rh1 bxc4 30. bxc4 Rxb1 31. Nxb1 Rf7 32. Kf1 Qxc4+ 33. Qd3 Qxd3+ 34.
Nxd3 Bb5 35. Ke2 e4 36. fxe4 fxe4 37. Nc3 Bxd3+ 38. Kd2 Rf3 39. Re1 Nf6 40. h4
Bc4 41. Nxe4 Nxe4+ 42. Rxe4 Bxd5 43. Re7+ Rf7 44. Re8 Bc6 45. Rb8 Bb5 46. Kc3
c6 47. Rb6 Rf4 48. h5 Kh6 49. a4 Rxa4 0-1

[Event "LEM Nachwuchs M-V u16 08.-12.02.2020"]
[Site "Atrium Fleesenseeschule Malch"]
[Date "2020.02.09"]
[Round "2.10"]
[White "Tennigkeit, Paul"]
[Black "Engel, Benedikt"]
[Result "1-0"]
[WhiteElo "1511"]
[BlackElo "1194"]
[PlyCount "57"]
[EventDate "2020.??.??"]
[WhiteTeam "Lok Pritzwalk"]
[BlackTeam "SC Mecklenburger Springer"]

1. e4 c5 2. Nf3 d6 3. Bb5+ Bd7 4. Bxd7+ Nxd7 5. c3 Ngf6 6. d3 a6 7. O-O g6 8.
Bg5 Bg7 9. Re1 O-O 10. Qd2 Qc7 11. Bh6 b5 12. d4 Qa5 13. Bxg7 Kxg7 14. e5 Nd5
15. dxc5 Nc7 16. exd6 exd6 17. b4 Qa4 18. Qxd6 Nxc5 19. Qxc5 Ne6 20. Qe5+ Kg8
21. Nbd2 Qc2 22. Ne4 Rfe8 23. Nf6+ Kf8 24. Nxe8 Rxe8 25. Ng5 Ng7 26. Nxh7+ Kg8
27. Nf6+ Kf8 28. Qd6+ Re7 29. Qxe7# 1-0

[Event "LEM Nachwuchs M-V u16 08.-12.02.2020"]
[Site "Atrium Fleesenseeschule Malch"]
[Date "2020.02.09"]
[Round "3.1"]
[White "Troyke, Jannis"]
[Black "Breß, Aaron"]
[Result "1-0"]
[WhiteElo "1827"]
[BlackElo "1793"]
[PlyCount "97"]
[EventDate "2020.??.??"]
[WhiteTeam "Greifswalder SV"]
[BlackTeam "SAV Torgelow"]

1. e4 c5 2. Nf3 e6 3. d4 cxd4 4. Nxd4 a6 5. Bd3 Qc7 6. O-O Nf6 7. Qe2 d6 8. Nc3
Be7 9. Kh1 O-O 10. f4 Nbd7 11. Bd2 b5 12. a3 Bb7 13. Rae1 Nc5 14. e5 Nd5 15.
Qg4 Nxc3 16. Bxc3 Nxd3 17. cxd3 dxe5 18. Nxe6 fxe6 19. Bxe5 Bxg2+ 20. Qxg2 Bd6
21. Bc3 Rae8 22. Re4 Bxa3 23. Ra1 Bd6 24. Rxa6 Bxf4 25. Raxe6 Rxe6 26. Rxe6 Qd7
27. Qe4 Bd6 28. Qd5 Rf1+ 29. Kg2 Rf2+ 30. Kh1 Rxh2+ 31. Kg1 Bc5+ 32. Qxc5 Qxe6
33. Kxh2 Qe2+ 34. Kg1 Qg4+ 35. Kf2 Qh4+ 36. Ke2 Qg4+ 37. Ke1 Qg3+ 38. Kd2 Qg2+
39. Kd1 Qf1+ 40. Kc2 Qe2+ 41. Bd2 Qe8 42. Kc3 h5 43. Kb4 h4 44. Qxb5 Qe7+ 45.
Kc3 Qf6+ 46. Kc2 g6 47. Qc4+ Kh7 48. Qg4 Qc6+ 49. Bc3 1-0

[Event "LEM Nachwuchs M-V u16 08.-12.02.2020"]
[Site "Atrium Fleesenseeschule Malch"]
[Date "2020.02.09"]
[Round "3.2"]
[White "Großmann, Piet"]
[Black "Kallweit, Paul"]
[Result "1-0"]
[WhiteElo "1818"]
[BlackElo "1832"]
[PlyCount "99"]
[EventDate "2020.??.??"]
[WhiteTeam "SAV Torgelow"]
[BlackTeam "Greifswalder SV"]

1. e4 c5 2. Nf3 Nc6 3. d4 cxd4 4. Nxd4 g6 5. Nc3 Bg7 6. Be3 Nf6 7. Bc4 Qa5 8.
Bb3 Nxe4 9. Qf3 Nf6 10. O-O-O O-O 11. h3 Ne5 12. Qe2 d6 13. g4 Bd7 14. Rdg1 Bc6
15. Nxc6 bxc6 16. f4 Ned7 17. Kb1 Nd5 18. Nxd5 cxd5 19. Bd2 Qc7 20. h4 a5 21.
Bc1 a4 22. Bxd5 Rab8 23. Rg3 e6 24. Bg2 Qb6 25. c3 Rfc8 26. Rhh3 Nc5 27. Qc2 a3
28. b3 Qa5 29. Bd2 Na4 30. h5 Qc5 31. Re3 Nb6 32. Bf1 d5 33. hxg6 hxg6 34. f5
exf5 35. gxf5 d4 36. Ref3 dxc3 37. Be3 Qe5 38. fxg6 fxg6 39. Bd3 Rd8 40. Bxg6
Rd1+ 41. Bc1 Rxc1+ 42. Kxc1 Qg5+ 43. Kd1 Qg1+ 44. Ke2 Be5 45. Bh7+ Kg7 46.
Rfg3+ Bxg3 47. Qg6+ Kf8 48. Qf6+ Ke8 49. Bg6+ Kd7 50. Rh7+ 1-0

[Event "LEM Nachwuchs M-V u16 08.-12.02.2020"]
[Site "Atrium Fleesenseeschule Malch"]
[Date "2020.02.09"]
[Round "3.3"]
[White "Marzisch, Darius"]
[Black "Fromm, Marius"]
[Result "0-1"]
[WhiteElo "1494"]
[BlackElo "2196"]
[PlyCount "66"]
[EventDate "2020.??.??"]
[WhiteTeam "SG Neubrandenburg"]
[BlackTeam "Greifswalder SV"]

1. e4 e5 2. f4 exf4 3. Nf3 Nf6 4. Nc3 d5 5. exd5 Nxd5 6. Bc4 Nxc3 7. dxc3 Qxd1+
8. Kxd1 Bd6 9. Re1+ Kf8 10. Ne5 Bxe5 11. Rxe5 Nc6 12. Re4 g5 13. b3 Bf5 14.
Ba3+ Kg7 15. Re1 Rhe8 16. Kd2 Rad8+ 17. Bd3 Ne5 18. Bb2 Bxd3 19. cxd3 Rxd3+ 20.
Kc2 Rd7 21. c4 f6 22. Rad1 Rxd1 23. Rxd1 Re7 24. Ba3 Rd7 25. Rxd7+ Nxd7 26. Kd3
Kf7 27. b4 Ke6 28. b5 Ne5+ 29. Kc3 Ng4 30. c5 c6 31. bxc6 bxc6 32. g3 f3 33.
Kd3 Nxh2 0-1

[Event "LEM Nachwuchs M-V u16 08.-12.02.2020"]
[Site "Atrium Fleesenseeschule Malch"]
[Date "2020.02.09"]
[Round "3.4"]
[White "Wucherer, Sophie"]
[Black "Röste, Hugo"]
[Result "1/2-1/2"]
[WhiteElo "1602"]
[BlackElo "1573"]
[PlyCount "108"]
[EventDate "2020.??.??"]
[WhiteTeam "Greifswalder SV"]
[BlackTeam "TuS Makkabi Rostock"]

1. d4 d5 2. c4 c6 3. Nf3 Nf6 4. e3 e6 5. b3 Nbd7 6. Bb2 Be7 7. Qc2 O-O 8. Bd3
b6 9. O-O Bb7 10. Nbd2 Qc7 11. cxd5 exd5 12. Rac1 Rac8 13. a3 c5 14. dxc5 Qxc5
15. Qb1 Qd6 16. Nd4 Qb8 17. Nf5 Bd6 18. Nxd6 Qxd6 19. Nf3 Ne4 20. Rfd1 Rxc1 21.
Qxc1 Ndf6 22. b4 Rc8 23. Qa1 Qe7 24. h3 h6 25. Bb1 Nd6 26. Nd4 Rd8 27. Bc2 Rc8
28. Bb3 Rd8 29. Ne2 Nde8 30. Nf4 b5 31. Rd3 Rd7 32. Qd1 Qd8 33. Nh5 a6 34.
Nxf6+ Nxf6 35. Bxf6 Qxf6 36. Rd4 Qd8 37. e4 Rd6 38. Bxd5 Bxd5 39. Rxd5 Rxd5 40.
exd5 Kf8 41. Qd4 f6 42. Qc5+ Qe7 43. Qc8+ Qe8 44. Qc5+ Kf7 45. Kf1 Qd7 46. Ke2
f5 47. f3 Kf6 48. Qb6+ Ke5 49. Qxa6 Qxd5 50. Qa7 Qc4+ 51. Kf2 Qd4+ 52. Qxd4+
Kxd4 53. Ke2 f4 54. Kd2 g5 1/2-1/2

[Event "LEM Nachwuchs M-V u16 08.-12.02.2020"]
[Site "Atrium Fleesenseeschule Malch"]
[Date "2020.02.09"]
[Round "3.5"]
[White "Quiram, Arne"]
[Black "Johlke, Lukas"]
[Result "0-1"]
[WhiteElo "1643"]
[BlackElo "1608"]
[PlyCount "58"]
[EventDate "2020.??.??"]
[WhiteTeam "ESV Waren"]
[BlackTeam "SG Jasmund"]

1. e4 e5 2. Nc3 Bc5 3. f4 d6 4. Nf3 Nd7 5. Bc4 Ngf6 6. d4 exd4 7. Nxd4 O-O 8.
Qd3 Re8 9. Nde2 c6 10. Bb3 Qe7 11. Ng3 Nf8 12. Bd2 b5 13. O-O-O Ng4 14. Nh5 Nf2
15. Qg3 Bg4 16. Nxg7 Kxg7 17. Rdf1 Nxh1 18. Qxg4+ Kh8 19. f5 Nf2 20. Rxf2 Bxf2
21. Bg5 Be3+ 22. Bxe3 Nd7 23. f6 Qxf6 24. Qxd7 Qf1+ 25. Nd1 Rxe4 26. Qxd6 f6
27. Qxc6 Rd8 28. c3 Rxe3 29. Qc7 Red3 0-1

[Event "LEM Nachwuchs M-V u16 08.-12.02.2020"]
[Site "Atrium Fleesenseeschule Malch"]
[Date "2020.02.09"]
[Round "3.6"]
[White "Kruse, Johannes"]
[Black "Le, Tomab Linh"]
[Result "1-0"]
[WhiteElo "1454"]
[BlackElo "1571"]
[PlyCount "101"]
[EventDate "2020.??.??"]
[WhiteTeam "ESV Waren"]
[BlackTeam "SG Neubrandenburg"]

1. e4 d6 2. d4 Nf6 3. Nc3 g6 4. Nf3 Bg7 5. Bd3 O-O 6. O-O Nc6 7. Re1 e5 8. d5
Ne7 9. Ne2 c6 10. c4 b5 11. Nc3 bxc4 12. Bxc4 cxd5 13. Nxd5 Nexd5 14. Bxd5 Nxd5
15. Qxd5 Be6 16. Qd3 Qe7 17. Be3 Rfd8 18. Rac1 Qb7 19. b3 d5 20. exd5 Bxd5 21.
Qe2 Bxf3 22. Qxf3 Qxf3 23. gxf3 a5 24. Kf1 a4 25. b4 Rab8 26. Rc4 Bf8 27. Bc5
Rdc8 28. Rxe5 Bxc5 29. Rexc5 Rxc5 30. bxc5 Rc8 31. c6 Kf8 32. Ke2 Ke7 33. Kd3
Kd6 34. c7 Rxc7 35. Rxc7 Kxc7 36. Kc4 Kc6 37. Kb4 Kd5 38. Kxa4 Kc4 39. f4 f6
40. Ka5 Kc5 41. f3 g5 42. f5 h5 43. h3 Kd4 44. Kb4 Ke3 45. a4 Kxf3 46. a5 g4
47. hxg4 hxg4 48. a6 g3 49. a7 g2 50. a8=Q+ Kf2 51. Kc4 1-0

[Event "LEM Nachwuchs M-V u16 08.-12.02.2020"]
[Site "Atrium Fleesenseeschule Malch"]
[Date "2020.02.09"]
[Round "3.7"]
[White "Jenschke, Tim"]
[Black "Tennigkeit, Paul"]
[Result "1-0"]
[WhiteElo "1531"]
[BlackElo "1511"]
[PlyCount "65"]
[EventDate "2020.??.??"]
[WhiteTeam "HSG Stralsund"]
[BlackTeam "Lok Pritzwalk"]

1. d4 Nf6 2. Nf3 e6 3. g3 g6 4. Bg2 Bg7 5. c4 O-O 6. O-O b6 7. Nbd2 Bb7 8. Qc2
d6 9. b3 Nbd7 10. Bb2 a5 11. Rfe1 h6 12. e4 Nh7 13. a3 Ng5 14. Rad1 Nxf3+ 15.
Nxf3 Re8 16. d5 Bxb2 17. Qxb2 Qf6 18. Qd2 Kg7 19. Nd4 e5 20. Nb5 Rec8 21. Bh3
Qe7 22. f4 c6 23. Bxd7 Qxd7 24. dxc6 Bxc6 25. Qxd6 Bxb5 26. Qxe5+ Kg8 27. Rxd7
Bxd7 28. Rd1 Bh3 29. Rd6 Re8 30. Qd5 Reb8 31. Rxg6+ Kf8 32. Qd6+ Ke8 33. Rg8#
1-0

[Event "LEM Nachwuchs M-V u16 08.-12.02.2020"]
[Site "Atrium Fleesenseeschule Malch"]
[Date "2020.02.09"]
[Round "3.8"]
[White "Avetyan, Manan"]
[Black "Focke, Yannick"]
[Result "1-0"]
[WhiteElo "1356"]
[BlackElo "1508"]
[PlyCount "67"]
[EventDate "2020.??.??"]
[WhiteTeam "ASV Wismar"]
[BlackTeam "SF Schwerin"]

1. e4 c5 2. Nf3 e6 3. d4 cxd4 4. Nxd4 a6 5. Nc3 Qc7 6. g3 b5 7. a3 Bb7 8. Bg2
d6 9. O-O Nf6 10. Re1 Nbd7 11. Nf3 Be7 12. h3 O-O 13. Kh2 Rac8 14. Qe2 e5 15.
Nh4 Nc5 16. Nf5 Ne6 17. Be3 Rfe8 18. f4 Nc5 19. Bd2 Bf8 20. g4 g6 21. g5 Nh5
22. Nh6+ Bxh6 23. gxh6 exf4 24. Bf3 Ng3 25. Qg2 Ne6 26. Bxf4 Nxe4 27. Bxe4 Nxf4
28. Qf3 Bxe4 29. Qxf4 d5 30. Qxc7 Rxc7 31. Nxd5 Rxc2+ 32. Kg1 Rg2+ 33. Kf1 Rxb2
34. Nf6+ 1-0

[Event "LEM Nachwuchs M-V u16 08.-12.02.2020"]
[Site "Atrium Fleesenseeschule Malch"]
[Date "2020.02.09"]
[Round "3.9"]
[White "Engel, Benedikt"]
[Black "Johlke, Lorenz"]
[Result "1/2-1/2"]
[WhiteElo "1194"]
[BlackElo "1675"]
[PlyCount "109"]
[EventDate "2020.??.??"]
[WhiteTeam "SC Mecklenburger Springer"]
[BlackTeam "SG Jasmund"]

1. d4 f5 2. e4 fxe4 3. Nc3 Nf6 4. Bg5 b6 5. Bxf6 exf6 6. Nxe4 Bb7 7. Nc3 Bb4 8.
Qe2+ Qe7 9. Qxe7+ Kxe7 10. Nge2 Ba6 11. a3 Bxe2 12. Bxe2 Bxc3+ 13. bxc3 Nc6 14.
O-O Rae8 15. Rfe1 Kd8 16. h3 Re7 17. Kf1 Rhe8 18. Bb5 Rxe1+ 19. Rxe1 a5 20.
Rxe8+ Kxe8 21. Ke2 Ke7 22. Ke3 Kd6 23. Ke4 Ne7 24. Bc4 c6 25. a4 Nd5 26. Bxd5
cxd5+ 27. Kd3 Kc6 28. c4 dxc4+ 29. Kxc4 d5+ 30. Kb3 b5 31. axb5+ Kxb5 32. f3
a4+ 33. Ka3 g5 34. g3 Kc4 35. Kxa4 Kxd4 36. Kb4 f5 37. c3+ Ke3 38. Kc5 Kxf3 39.
Kxd5 Kxg3 40. c4 f4 41. c5 f3 42. c6 f2 43. c7 f1=Q 44. c8=Q Qxh3 45. Qc3+ Kh4
46. Qe1+ Kh5 47. Qe8+ Kh6 48. Qf8+ Kg6 49. Qe8+ Kg7 50. Qe7+ Kh6 51. Qf6+ Kh5
52. Qf7+ Kg4 53. Qe6+ Kg3 54. Qe3+ Kh4 55. Qe4+ 1/2-1/2

[Event "LEM Nachwuchs M-V u16 08.-12.02.2020"]
[Site "Atrium Fleesenseeschule Malch"]
[Date "2020.02.09"]
[Round "3.10"]
[White "Böttner, Oliver"]
[Black "Ahmed Ibrahim, Labed"]
[Result "1-0"]
[WhiteElo "1574"]
[BlackElo "1045"]
[PlyCount "45"]
[EventDate "2020.??.??"]
[WhiteTeam "HSG Stralsund"]
[BlackTeam "SV Motor Wolgast"]

1. e4 c5 2. Nf3 Nc6 3. d3 e6 4. Be3 Nf6 5. Be2 Be7 6. O-O O-O 7. Nc3 e5 8. Nd2
d6 9. f4 Qc7 10. f5 Nd4 11. Bf3 g6 12. g4 Kg7 13. g5 Nxf3+ 14. Qxf3 Qd8 15.
gxf6+ Bxf6 16. Nd5 Rg8 17. fxg6 Kh8 18. Qxf6+ Qxf6 19. Rxf6 Rxg6+ 20. Rxg6 fxg6
21. Nc4 Bh3 22. Nxd6 b6 23. Nf7+ 1-0

[Event "LEM Nachwuchs M-V u16 08.-12.02.2020"]
[Site "Atrium Fleesenseeschule Malch"]
[Date "2020.02.10"]
[Round "4.1"]
[White "Großmann, Piet"]
[Black "Troyke, Jannis"]
[Result "0-1"]
[WhiteElo "1818"]
[BlackElo "1827"]
[PlyCount "92"]
[EventDate "2020.??.??"]
[WhiteTeam "SAV Torgelow"]
[BlackTeam "Greifswalder SV"]

1. e4 c5 2. Nf3 d6 3. d4 cxd4 4. Nxd4 Nf6 5. Nc3 g6 6. Be3 Bg7 7. f3 O-O 8. Bc4
Nc6 9. Qd2 Bd7 10. O-O-O Rc8 11. Bb3 Nxd4 12. Bxd4 b5 13. h4 a5 14. Bxf6 Bxf6
15. Nd5 Bg7 16. Qg5 Rc5 17. h5 h6 18. Nxe7+ Kh8 19. Nxg6+ fxg6 20. Qxd8 Rxd8
21. Rxd6 Be5 22. Rd3 a4 23. Bf7 Rdc8 24. c3 Be8 25. hxg6 Kg7 26. Kb1 Bf4 27.
Rd5 Bxf7 28. gxf7 Rxd5 29. exd5 a3 30. Rh4 Bd6 31. Kc2 axb2 32. Kxb2 Be5 33.
f8=Q+ Kxf8 34. Rxh6 b4 35. Re6 bxc3+ 36. Kc2 Bg7 37. d6 Ra8 38. d7 Rxa2+ 39.
Kc1 Ra8 40. Rc6 Rd8 41. Rc8 Ke7 42. Rxd8 Kxd8 43. f4 Kxd7 44. g4 Ke6 45. Kc2
Bd4 46. Kd3 Kd5 0-1

[Event "LEM Nachwuchs M-V u16 08.-12.02.2020"]
[Site "Atrium Fleesenseeschule Malch"]
[Date "2020.02.10"]
[Round "4.2"]
[White "Fromm, Marius"]
[Black "Jenschke, Tim"]
[Result "1-0"]
[WhiteElo "2196"]
[BlackElo "1531"]
[PlyCount "67"]
[EventDate "2020.??.??"]
[WhiteTeam "Greifswalder SV"]
[BlackTeam "HSG Stralsund"]

1. Nf3 Nf6 2. c4 g6 3. Nc3 Bg7 4. g3 c5 5. Bg2 Nc6 6. d4 cxd4 7. Nxd4 O-O 8.
O-O a6 9. Nc2 d6 10. b3 Qc7 11. Bb2 Ne5 12. Rc1 Bh6 13. f4 Ned7 14. Kh1 Rb8 15.
Ne3 b6 16. g4 Bg7 17. g5 Ne8 18. Ned5 Qd8 19. Qd2 e6 20. Nb4 Bb7 21. Nc6 Bxc6
22. Bxc6 Qc7 23. Bg2 Qd8 24. e4 f5 25. Rcd1 Qc7 26. e5 Nc5 27. exd6 Qd7 28. Ba3
Bxc3 29. Qxc3 Rd8 30. Bb2 Qg7 31. Qxg7+ Nxg7 32. Be5 Ne4 33. Kg1 Ne8 34. d7 1-0

[Event "LEM Nachwuchs M-V u16 08.-12.02.2020"]
[Site "Atrium Fleesenseeschule Malch"]
[Date "2020.02.10"]
[Round "4.3"]
[White "Kallweit, Paul"]
[Black "Kruse, Johannes"]
[Result "1-0"]
[WhiteElo "1832"]
[BlackElo "1454"]
[PlyCount "73"]
[EventDate "2020.??.??"]
[WhiteTeam "Greifswalder SV"]
[BlackTeam "ESV Waren"]

1. d4 Nf6 2. c4 g6 3. Nc3 Bg7 4. Nf3 O-O 5. g3 d6 6. Bg2 Nbd7 7. O-O c5 8. b3
Rb8 9. Bb2 a6 10. dxc5 Nxc5 11. Nd4 Bd7 12. Re1 Qc7 13. Rc1 Ne6 14. Nd5 Qd8 15.
Nxe6 Bxe6 16. Nxf6+ Bxf6 17. Bxf6 exf6 18. Qd4 Qe7 19. Red1 Rfd8 20. Rc2 Rd7
21. Rcd2 Rbd8 22. Qb6 Kf8 23. Rd4 f5 24. e3 f6 25. Bf3 Kg7 26. b4 Kg8 27. a4
Kg7 28. a5 Kf8 29. b5 axb5 30. Qxb5 Kf7 31. Rb1 Rb8 32. a6 b6 33. Bb7 Rc7 34.
Qxb6 Bxc4 35. Rxc4 Rbxb7 36. axb7 Rxc4 37. b8=Q 1-0

[Event "LEM Nachwuchs M-V u16 08.-12.02.2020"]
[Site "Atrium Fleesenseeschule Malch"]
[Date "2020.02.10"]
[Round "4.4"]
[White "Breß, Aaron"]
[Black "Wucherer, Sophie"]
[Result "1-0"]
[WhiteElo "1793"]
[BlackElo "1602"]
[PlyCount "81"]
[EventDate "2020.??.??"]
[WhiteTeam "SAV Torgelow"]
[BlackTeam "Greifswalder SV"]

1. e4 c6 2. d4 d5 3. e5 Bf5 4. h4 h5 5. Nf3 e6 6. Bd3 Bxd3 7. Qxd3 Qa5+ 8. c3
Qa6 9. Qxa6 Nxa6 10. O-O Nh6 11. Bxh6 Rxh6 12. Ng5 Be7 13. f4 c5 14. a3 Nc7 15.
Nd2 cxd4 16. cxd4 Bxg5 17. fxg5 Rg6 18. Rac1 Rc8 19. Rf3 Ke7 20. Nb3 b6 21. a4
f6 22. Rfc3 Kd7 23. gxf6 gxf6 24. a5 fxe5 25. dxe5 Rgg8 26. axb6 axb6 27. Nd4
Rg4 28. Nf3 Rc4 29. Rxc4 dxc4 30. Rxc4 Ra8 31. Nd4 Ra5 32. Nf3 Na6 33. Kh2 Rb5
34. Ra4 Nc5 35. Ra7+ Ke8 36. Rh7 Nd3 37. Rxh5 Nf4 38. Rg5 Kf7 39. h5 Rxb2 40.
Nh4 Ra2 41. h6 1-0

[Event "LEM Nachwuchs M-V u16 08.-12.02.2020"]
[Site "Atrium Fleesenseeschule Malch"]
[Date "2020.02.10"]
[Round "4.5"]
[White "Johlke, Lukas"]
[Black "Röste, Hugo"]
[Result "1-0"]
[WhiteElo "1608"]
[BlackElo "1573"]
[PlyCount "115"]
[EventDate "2020.??.??"]
[WhiteTeam "SG Jasmund"]
[BlackTeam "TuS Makkabi Rostock"]

1. e4 c5 2. Nf3 a6 3. c3 d5 4. exd5 Qxd5 5. d3 e6 6. Be2 Nf6 7. Nbd2 Nc6 8. Nc4
Qd8 9. O-O Be7 10. Bf4 b5 11. Nce5 Nxe5 12. Nxe5 Bb7 13. Bf3 Qb6 14. c4 Rd8 15.
Rb1 O-O 16. Qe2 Nd7 17. Bxb7 Qxb7 18. Qg4 Bf6 19. Nxd7 Qxd7 20. Rfd1 e5 21.
Qxd7 Rxd7 22. Be3 Be7 23. cxb5 axb5 24. Kf1 Rfd8 25. Ke2 f6 26. Rbc1 Rd5 27.
Rd2 Kf7 28. Rc3 b4 29. Rb3 Ra8 30. a3 c4 31. dxc4 Rxd2+ 32. Bxd2 bxa3 33. bxa3
Rxa3 34. Rxa3 Bxa3 35. f4 Ke6 36. Kf3 Bb2 37. g4 g6 38. h3 Bd4 39. Ba5 Kd6 40.
fxe5+ fxe5 41. Bb4+ Kd7 42. Ke4 Ke6 43. c5 Bf2 44. c6 Bb6 45. Bc3 Bc7 46. g5
Bb8 47. Ba5 Kd6 48. c7 Bxc7 49. Bxc7+ Kxc7 50. Kxe5 Kd7 51. Kf6 Ke8 52. Kg7 Ke7
53. Kxh7 Kf7 54. h4 Kf8 55. Kxg6 Kg8 56. h5 Kh8 57. Kf7 Kh7 58. g6+ 1-0

[Event "LEM Nachwuchs M-V u16 08.-12.02.2020"]
[Site "Atrium Fleesenseeschule Malch"]
[Date "2020.02.10"]
[Round "4.6"]
[White "Focke, Yannick"]
[Black "Marzisch, Darius"]
[Result "0-1"]
[WhiteElo "1508"]
[BlackElo "1494"]
[PlyCount "108"]
[EventDate "2020.??.??"]
[WhiteTeam "SF Schwerin"]
[BlackTeam "SG Neubrandenburg"]

1. e4 e6 2. d4 b6 3. Bd3 Bb7 4. Qe2 Nf6 5. Nf3 d5 6. e5 Ne4 7. O-O c5 8. c3 Nd7
9. Nbd2 Nxd2 10. Bxd2 Be7 11. h3 c4 12. Bc2 b5 13. a3 Bc6 14. Nh2 Nb6 15. f4 g6
16. Nf3 Na4 17. Rab1 a5 18. Qd1 Rb8 19. Rf2 Qd7 20. Qe1 Rb7 21. Re2 O-O 22. Nh2
Rfb8 23. Nf1 b4 24. axb4 axb4 25. Ne3 bxc3 26. bxc3 Rxb1 27. Bxb1 Qb7 28. Bc2
Nb2 29. Qf1 Ba4 30. Bc1 Bxc2 31. Bxb2 Bd3 32. Nd1 Bxe2 33. Qxe2 Qb3 34. Kh2 Ba3
35. Bxa3 Qxa3 36. Qd2 Ra8 37. Qe2 Qa2 38. Qe1 Qb1 39. Qe2 Ra1 40. Ne3 Qg1+ 41.
Kg3 Qe1+ 42. Qf2 Qxf2+ 43. Kxf2 Rc1 44. Ke2 Rxc3 45. Kd2 Rd3+ 46. Ke2 Rxd4 47.
g3 Re4 48. Kd2 c3+ 49. Kd3 Rxe3+ 50. Kxe3 d4+ 51. Kd3 Kf8 52. g4 h5 53. gxh5
gxh5 54. h4 Kg7 0-1